[Event "Candidates Tournament"]
[Site "Kazan"]
[Date "2011.05.07"]
[Round "1.3"]
[White "Aronian, Levon"]
[Black "Grischuk, Alexander"]
[Result "1/2-1/2"]
[WhiteElo "2808"]
[BlackElo "2747"]
[Annotator "Krasenkow,M"]
[PlyCount "118"]
[EventDate "2011.05.05"]
[EventType "k.o."]
[EventRounds "3"]
[EventCountry "RUS"]
[SourceTitle "CBM 143"]
[Source "ChessBase"]
[SourceDate "2011.07.15"]
[SourceVersion "1"]
[SourceVersionDate "2011.07.15"]
[SourceQuality "1"]

1. d4 Nf6 2. c4 g6 3. Nc3 d5 4. Nf3 Bg7 5. Qb3 dxc4 6. Qxc4 O-O 7. e4 a6 8. Be2
b5 9. Qb3 c5 10. dxc5 Be6 11. Qc2 Nbd7 12. Be3 Rc8 13. Rd1 b4 14. Nd5 Bxd5 15.
exd5 Nxc5 16. O-O {This important line was examined in the theoretical article
in CBM 139.} a5 (16... Nce4 $5 17. Qd3 a5 18. Ne5 Qc7 19. f4 Qc2 20. Nc6 Qxd3
21. Nxe7+ Kh8 22. Rxd3 Rc7 23. Nc6 Nxd5 24. Rxd5 Rxc6 25. f5 Bxb2 26. Rxa5 Rd6
27. Bf3 {1/2 Sandipan,C (2641)-Svidler,P (2731)/Germany 2010/CBM 138 Extra}) (
16... Qd6 $5 17. Rc1 Qb8 18. Bxc5 Nd7 19. Bxa6 Rxc5 20. Qd2 Rd8 21. Rxc5 Nxc5
22. Bc4 e6 23. Rd1 Na4 24. Bb3 Nc5 25. Bc4 Na4 26. Bb3 Nc5 27. Qe3 Nxb3 28.
Qxb3 exd5 29. Ne1 Qd6 30. Nd3 Bf8 31. g3 Ra8 32. h4 Qa6 33. Nxb4 Bxb4 34. Qxb4
Qxa2 $11 {1/2 Riazantsev,A (2689)-Rodshtein,M (2625)/Moscow 2011/CBM 141 (41)})
17. Bc4 $146 {[%mdl 8] A solid move safely protecting the important d5-pawn.} (
17. h3 Nce4 18. Qb1 Nd6 19. Ba6 Ra8 20. Be2 Rc8 21. Rfe1 Nf5 22. Bc1 Rc5 23. g4
Nd6 24. Nd4 Qb6 25. Nb3 Rxd5 $15 {1/2 Berkes,F (2663)-Safarli,E (2587)/Paks
2009/CBM 133 (47)}) (17. Rfe1 Nb7 (17... Ncd7 18. Bc4 Ng4 19. Bd4 Qc7 20. Bxg7
Kxg7 21. b3 Qc5 22. Qe2 Nb6 {1/2 Tomashevsky,E (2695)-Le Quang,L (2664)/Moscow
2011/CBM 141 (45)} 23. Nd4 Nf6 24. d6 $1 $36) 18. Qd2 Nc5 19. Bb5 Nce4 20. Qd3
Nc5 21. Qc2 Nce4 22. Bc6 Nd6 23. Bf4 Qb6 24. Qe2 Nf5 25. Ne5 Nh5 26. Bc1 Nd4
27. Qe3 Bxe5 28. Qxe5 Nxc6 29. dxc6 Rxc6 30. Qxe7 Rc2 $132 {1-0 Kasimdzhanov,R
(2681)-Rodshtein,M (2625)/Moscow 2011/CBM 141 (58)}) (17. Bb5 Nce4 18. Bc6 Nd6
19. Qe2 Nf5 20. Rfe1 (20. Bg5 h6 21. Bxf6 Bxf6 22. Rfe1 Qc7 23. Bb5 Rfd8 24.
Ba6 Ra8 25. Rc1 Qd6 26. Bd3 Qxd5 27. Be4 Qxa2 28. Bxa8 Rxa8 $15 {0-1 Belov,V 
(2627)-Gupta,A (2565)/Kavala 2009/CBM 131 Extra (61)}) (20. Ne5 Qc7 21. f4 Nxe3
22. Qxe3 Qd6 {[%cal Ye7e6]} 23. Qa7 Qc7 $11) 20... Qc7 21. Rc1 Ng4 22. Bc5 Nd4
(22... Nh4 $5) 23. Bxd4 Bxd4 24. Rf1 Bf6 {1/2 Bluvshtein,M (2590)-Mekhitarian,
K (2528)/Moscow 2011/CBM 141}) 17... Qd6 18. Bd4 Ncd7 (18... Ng4 $5 {was
probably more accurate, e.g.} 19. Bxg7 Kxg7 20. Rfe1 Nd7 21. Qe2 Nb6 22. b3
Rfd8 $1 $11) 19. Qe2 Ng4 20. Rfe1 Rfe8 {This is not the best place for the
rook.} 21. Ba6 Ra8 (21... Rc7 22. Bxg7 Kxg7 23. h3 Ngf6 24. Nd4 $1 $16 {
[%cal Rd4b5,Rd4e6]}) 22. Bb5 $14 {[%cal Gb5e8]} Bxd4 23. Rxd4 Ngf6 24. h3 Rab8
25. Ba4 Red8 {Black decides on an inferior endgame, in which White's bishop
will be stronger than Black's knight in an open position. However, he holds
his ground by accurate defence.} 26. Qxe7 Nb6 27. Bd1 Rbc8 28. Qa7 Ra8 29. Qb7
Rdc8 30. Qe7 Qxe7 31. Rxe7 Nfxd5 32. Rb7 Rc7 33. Rxc7 Nxc7 {[%mdl 4096]} 34.
Bb3 a4 35. Bc2 Ncd5 36. Be4 Ra5 37. Ne5 Rc5 (37... a3 $1 {was a good occasion
to equalise:} 38. bxa3 (38. Bxd5 Rxd5 39. Rxb4 Rxe5 40. Rxb6 Re1+ 41. Kh2 Rb1
$11) 38... Nc3 $1 39. Nc6 Rxa3 $11) 38. Bxd5 Rxd5 39. Rxb4 Rxe5 40. Rxb6 Re1+
41. Kh2 Re2 42. Kg3 a3 43. bxa3 Rxa2 {This theoretical endgame is also rather
drawish.} 44. Rb3 (44. Ra6 h5 45. h4 Kg7 {- here, too, Black's classic
defensive plan includes ...f7-f6 and ...g6-g5.}) 44... Kg7 45. f4 h5 46. h4 f6
$1 47. Kf3 g5 {Reducing material to a minimum.} 48. hxg5 fxg5 49. g3 (49. fxg5
Kg6 50. g3 Kxg5 51. Ke4 Kg4 {[%cal Ra2g2]} 52. Kd4 Rg2 53. a4 Ra2 $1 $11) 49...
Kf6 50. Ke4 gxf4 51. Kxf4 (51. gxf4 h4 52. Rh3 Kg6 $11) 51... Ra1 52. Ke4 Ke6 {
The simplest course - Black's king follows White's to the queenside.} (52...
Kg5 {was too late here:} 53. Kd4 Kg4 54. Kc5 Rg1 $2 55. a4) 53. Re3 (53. Rb6+
Kd7 54. Ra6 Rc1 {[%cal Yc1c4,Yh5h4]}) 53... Ra2 54. Kd4+ Kd6 55. Kc4 Rh2 $1 {
[%cal Yh5h4]} 56. Kb5 Kc7 57. Re7+ Kb8 58. Rh7 Rg2 59. Kb6 Rb2+ 1/2-1/2

[Event "Biel GM 45th"]
[Site "Biel"]
[Date "2012.07.23"]
[Round "1"]
[White "Morozevich, Alexander"]
[Black "Giri, Anish"]
[Result "0-1"]
[WhiteElo "2770"]
[BlackElo "2696"]
[Annotator "Krasenkow,M"]
[PlyCount "100"]
[EventDate "2012.07.23"]
[EventType "tourn"]
[EventRounds "10"]
[EventCountry "SUI"]
[EventCategory "21"]
[SourceTitle "CBM 150"]
[Source "ChessBase"]
[SourceDate "2012.09.14"]
[SourceVersion "1"]
[SourceVersionDate "2012.09.14"]
[SourceQuality "1"]

1. d4 Nf6 2. c4 g6 3. Nc3 d5 4. Nf3 Bg7 5. Qb3 dxc4 6. Qxc4 O-O 7. e4 Be6 $6 {
An extremely rare (before this game!), provocative continuation. The Turkmeni
GM Handshar Odeev had been its only notable adherent.} 8. Qb5 (8. Qd3 $5 c5 9.
d5 Bc8 10. Be3 b6 11. h3 e6 12. dxe6 Bxe6 13. Qxd8 Rxd8 14. Ng5 Nc6 15. Nxe6
fxe6 16. Bc4 Kf7 17. O-O Ne8 18. Rad1 Nd6 $132 {0-1 Jakovenko,D (2722)-Svidler,
P (2749)/Moscow RUS 2012/The Week in Chess 927 (50)}) (8. d5 Bc8 {, and Black
will now undermine White's centre:} (8... Bg4 $4 9. e5 $18) 9. Be2 {is
probably where White should look for an advantage:} (9. Bg5 c6 10. Rd1 b5 (
10... cxd5 $5 11. exd5 Nbd7) 11. Qb3 (11. Qc5 $5) 11... Qa5 12. Nd2 a6 13. Be2
cxd5 14. exd5 Nbd7 15. a3 Bb7 16. O-O Qc7 17. Rfe1 Nc5 18. Qa2 Rad8 $15 {
[time] 0-1 Lima,D (2475)-Odeev,H (2405)/Moscow 1994/CBM 044 ext (38)}) (9. Bf4
c6 10. Rd1 b5 (10... Qb6 $5 11. Rd2 Qa5 12. Qb3 a6 13. d6 e6 14. Be2 Nbd7 15.
O-O e5 16. Be3 b5 17. Rc1 Bb7 18. Rdd1 Rab8 19. Nd2 c5 20. Qc2 Rfc8 $13 {
1/2 Schrancz,I (2470)-Odeev,H (2262)/ICCF 2002/ICCF Telechess CBM 105 (37)})
11. Qb3 Qa5 12. Nd2 a6 13. Be2 cxd5 14. e5 Ng4 (14... Ne4 15. Nxd5 Nc6 16. Qc2
Nxd2 17. Bxd2 Nd4 18. Qd3 $18 {1-0 Budnikov,A (2525)-Odeev,H (2365)/Azov 1991/
CBM 025 (33)}) 15. Qxd5 Ra7 16. Qf3 Nxe5 17. Qg3 Nbc6 18. Nb3 Qc7 19. Be3 {
1-0 Burger,H (2567)-Odeev,H (2162)/ICCF 2000/ICCF Telechess CBM 94 (57)} Nc4 $1
20. Bxa7 Qxa7 $44) 9... c6 10. O-O cxd5 11. exd5 Ne8 (11... b6 12. Qh4 Bb7 13.
Rd1 Nbd7 14. Bg5 a6 15. Rac1 Rc8 16. Nd4 Qe8 17. Re1 Nxd5 18. Bxa6 Bxa6 19.
Nxd5 Rxc1 20. Rxc1 f6 21. Bh6 $36 {1-0 Bendana Guerrero,G-Odeev,H/Rochade
5171-Jub15 bd08 2005/CBM 118 (32)}) (11... e6 12. dxe6 (12. d6 $5 Nbd7 13. Rd1
Nb6 14. Qc5 Nbd5 15. Nxd5 Nxd5 16. Bg5 f6 17. Rxd5 exd5 18. Qxd5+ Kh8 19. Bf4
Re8 20. Bd3 $44 {0-1 Cummings,N (2296)-Onder,E (2333)/IECG 2004/Telechess CBM
107 (26)}) 12... Bxe6 13. Qb4 (13. Qh4 Nd5 $5) 13... Qc8 14. Bg5 (14. Qh4 $5)
14... Nd5 15. Nxd5 Bxd5 16. Qd2 Re8 17. Rfe1 Be6 18. Nd4 Nc6 19. Nxe6 Rxe6 20.
Rac1 $14 {1/2 Novichkov,V (2415)-Odeev,H (2430)/Moscow 1998/EXT 1999 (51)}) 12.
Re1 Nd6 13. Qa4 (13. Qb3 $5 Nd7 14. Be3 Nf5 15. Bf4) 13... Nd7 14. Bf4 Nb6 15.
Qb3 Bg4 16. Ne5 Bxe2 17. Rxe2 Rc8 18. Rd1 Nd7 19. Nxd7 Qxd7 20. Be5 Bxe5 21.
Rxe5 b5 22. Rde1 Rfe8 $132 {1/2 Gordon,S (2539)-Howell,D (2620)/North Shields
ENG 2012/The Week in Chess 926 (62)}) 8... Bd7 9. Qc5 (9. Qb3 c5 $1) 9... b6
10. Qg5 {Hardly a good place for the queen.} c5 $1 11. dxc5 Bc6 12. Qh4 bxc5
13. Be2 e6 {[%cal Rf6e4]} 14. Bg5 (14. Qf4 $5) 14... h6 $1 15. Bxh6 Nxe4 16.
Qf4 Nxc3 17. Bxg7 Kxg7 18. bxc3 Qf6 $11 {Black has no problems; moreover, his
more central pawns promise him a plus in the event of inaccurate play by White.
} 19. Qe3 Nd7 20. O-O Rab8 21. Rfd1 Rfd8 22. h3 Bd5 23. a4 (23. Rab1 $5) 23...
a5 24. Rab1 Bb3 25. Rd6 Bxa4 26. Ra1 Qe7 27. Ra6 Bb5 28. Bxb5 Rxb5 29. Ra7 {
There was no positional ground for White to push on.} (29. R6xa5 $142 $11)
29... Rdb8 30. Ne5 R8b7 31. Rxb7 Rxb7 32. Rxa5 Qd6 $4 {[%mdl 8192] A blunder,
which went unnoticed!} (32... Rb1+ 33. Kh2 Qd6 34. f4 {- game}) 33. f4 $4 (33.
Qh6+ $1 Kg8 34. Qh8+ $1 Kxh8 35. Nxf7+ Kg7 36. Nxd6 {winning a pawn and
gradually the game}) 33... Rb1+ 34. Kh2 Nxe5 35. fxe5 Qd1 {Suddenly White's
king is in trouble, and he must play accurately.} 36. Qf2 Qh1+ 37. Kg3 Rf1 38.
Qxc5 Rd1 (38... Rf5 39. Qe3 {[%csl Ge3]}) 39. Qe3 $6 (39. Qf2 $1 Rf1 $11 (39...
Rd3+ $6 40. Kh4 g5+ 41. Kxg5 Qc1+ 42. Kg4)) 39... Qf1 40. Kh2 Re1 $1 {White
probably underestimated this move.} 41. Qd2 Qg1+ 42. Kg3 Re3+ (42... Rf1 $6 43.
Qd4) (42... Rd1 $5 43. Qe2 Rf1 $36 {[%cal Yf1f5]}) 43. Kf4 $6 (43. Kg4 $1 Re4+
(43... g5 $2 44. Ra1 $1 Re4+ 45. Kf3) 44. Kf3 Re1 45. Kg3) 43... g5+ $1 44. Kg4
(44. Kxg5 Rxh3 45. Kg4 Rh6 $40) 44... Kh6 45. Ra4 $2 (45. Ra8 $1 {was the only
defence:} Re4+ (45... Rxe5 46. Rh8+ $1 Kg7 47. Rh5 $1 f5+ 48. Kxg5) 46. Kf3
Rxe5 47. Qd3 Rf5+ 48. Kg3 {, at least, not losing by force.}) 45... Rxe5 46. h4
f6 $2 {And now Black misses a brilliant win:} (46... f5+ $1 47. Kf3 Qf1+ 48.
Kg3 f4+ 49. Kg4 (49. Kh2 Re2) 49... Qb5 $3 50. Rb4 (50. Ra8 Re3 51. Rh8+ Kg7
52. Qd4+ e5 $19) (50. Qd4 Qe2+ 51. Kh3 Qh5 $1 $19) 50... Re3 $3 $19 {[%cal
Rb5f5,Re3g3]}) 47. Kf3 Qh2 48. hxg5+ fxg5 49. Re4 $4 {Another foreseeable
mistake. In fact, it is practically impossible to defend such a position, with
an absolutely bare king in a practical game, whatever a computer may say.} ({
After} 49. Rg4 {White could survive with a series of only moves:} Rf5+ 50. Ke2
Qe5+ (50... Qg1 51. Kd3 $1 Qb1+ 52. Qc2) 51. Qe3 Qb5+ 52. c4 $1 Qb2+ 53. Kd3 $1
Re5 54. Re4 Qb1+ 55. Kd4 {etc.}) 49... Rf5+ 50. Ke3 Qg3+ 0-1

[Event "Bundesliga 0405"]
[Site "Germany"]
[Date "2004.11.28"]
[Round "4.1"]
[White "Gyimesi, Zoltan"]
[Black "McShane, Luke J"]
[Result "1/2-1/2"]
[WhiteElo "2613"]
[BlackElo "2629"]
[Annotator "Krasenkow,M"]
[PlyCount "70"]
[EventDate "2004.11.12"]
[EventType "team-tourn"]
[EventRounds "15"]
[EventCountry "GER"]
[SourceTitle "CBM 105"]
[Source "ChessBase"]
[SourceDate "2005.04.11"]
[SourceVersion "1"]
[SourceVersionDate "2005.04.11"]
[SourceQuality "1"]
[WhiteTeam "Eppingen"]
[BlackTeam "Werder Bremen"]
[WhiteTeamCountry "GER"]
[BlackTeamCountry "GER"]

1. d4 Nf6 2. c4 g6 3. Nc3 d5 4. Nf3 Bg7 5. Qb3 dxc4 6. Qxc4 O-O 7. e4 a6 8. Be2
b5 9. Qb3 c5 10. dxc5 Bb7 11. O-O Nxe4 12. Nxe4 Bxe4 13. Bg5 Nc6 {This line
was examined in CBM74 (annotations to Piket-I.Sokolov), CBM76 (Kasparov-Leko),
and CBM91 (Radjabov-Svidler).} 14. Qe3 Qd5 15. Rad1 Qe6 {A relatively new idea
connected with the queen exchange.} (15... Qf5 16. Bh6 Bxh6 17. Qxh6 f6 18. Nd4
Nxd4 19. Rxd4 Rfd8 20. Qd2 (20. Rfd1 $5 Rxd4 21. Rxd4 Bc6 22. Qe3 $14 {Ftacnik}
) 20... Rxd4 21. Qxd4 Bc6 22. Bg4 Qd5 23. Qxd5+ Bxd5 24. Rd1 e6 $1 $11 {
1/2-1/2 Piket,J-Sokolov,I/Batumi 1999/CBM 074/[Ftacnik] (28)}) 16. Bh6 Bc2 (
16... Bf5 17. Bxg7 Qxe3 18. fxe3 Kxg7 19. a3 (19. Rd2 Rfc8 20. a3 b4 21. axb4
Nxb4 22. Rc1 Ra7 23. Nd4 Rac7 $11 {0-1 Lirindzakis,T-Atakisi,U/Antalya 2004/
CBM 103 ext (31)}) 19... Rfd8 (19... b4 $5) 20. b4 Bc2 21. Rxd8 Rxd8 22. Rc1
Be4 23. Kf2 Kf6 24. g4 h6 25. h4 Ke6 26. Rd1 Bxf3 $1 27. Rxd8 Bxe2 28. Rc8 Kd7
29. Rxc6 Kxc6 30. Kxe2 f6 $11 {_|_1/2-1/2 Kasparov,G-Leko,P/Linares 2000/CBM
076/[Ftacnik] (38)}) 17. Rd2 Qxe3 18. Bxe3 Bf5 {White's plan in this position
is lifting the black blockade by means of Nd4. However, it must be
well-prepared.} 19. Rfd1 (19. Nd4 $6 {is premature:} Bxd4 20. Bxd4 Rad8 21. Be3
Rxd2 22. Bxd2 Rd8 23. Be3 (23. Bc3 Bd3 24. Bxd3 Rxd3 25. Rc1 f5 26. Kf1 e5 27.
Ke2 Rd5 28. f4 e4 $17 {0-1 Thorfinnsson,B-Belov,V/Pardubice 2002/CBM 089 ext 
(39)}) 23... Bd3 $1 24. Bxd3 Rxd3 25. Rc1 e5 26. Kf1 f5 27. Ke2 Rd5 $17 {
0-1 Radjabov,T-Svidler,P/Moscow 2002/CBM 091/[Ftacnik] (55)}) 19... Rfc8 (19...
Rfd8 20. Kf1 Rxd2 21. Rxd2 Rd8 22. Rxd8+ Nxd8 23. Bd4 Be4 24. Bxg7 Kxg7 25. Ke1
Kf6 26. Kd2 Ne6 27. b4 Nc7 28. a3 e5 29. Ne1 Bc6 30. f3 Ke6 31. Nc2 f5 32. Ne3
Kf6 33. Bd1 e4 34. f4 g5 35. g3 Ne6 36. Ng2 h6 $14 {1/2-1/2 Gyimesi,Z-Antal,G/
Miskolc 2004/CBM 100 (59) GM Z.Gyimesi didn't object repeating this endgame
against McShane...}) 20. a3 {[%cal Yb2b4] An attempt of improvement, however,
insufficient for an advantage.} (20. h3 Be6 $1 21. b3 h6 22. g4 g5 23. Bf1 Rab8
24. Bg2 a5 25. Rb1 Bc3 26. Rc2 Bf6 27. a3 Bd5 28. Nd2 Rd8 29. Ne4 Be5 30. Rd2
e6 31. Nd6 Bxg2 32. Kxg2 Ne7 33. Rbd1 Nd5 34. Rxd5 exd5 35. Rxd5 Bxd6 36. cxd6
f6 37. Bd4 Kf7 38. Rf5 Rxd6 39. Be5 Rdb6 40. Bxb8 Rxb8 41. a4 bxa4 42. bxa4 Rb3
43. Rxa5 Ra3 $11 {1/2-1/2 Kasimdzhanov,R-Leko,P/Wijk aan Zee 2002/CBM 087 (50)}
) 20... h6 21. h3 Rab8 22. g4 Be6 23. b4 a5 $1 {Just in time. Black creates
counterplay against the b4 pawn.} 24. Nd4 Bxd4 25. Bxd4 axb4 26. axb4 Bc4 $1 {
It is important for Black to free his b8 rook from the defence of the b5 pawn.}
(26... Nxb4 27. Be5 Ra8 28. Bxb5 Rxc5 29. Rd8+ Kh7 30. Rxa8 Rxe5 31. Rb8 $14)
27. Bf3 {White has actually achieved the position he aimed for - and still
Black easily holds his ground. The end of the whole line?} f6 28. Bc3 Ra8 29.
Rd7 Kf8 30. Re1 Ra3 {Another timely counterplay.} 31. Re3 g5 32. Kh2 Rb3 33.
Kg3 Bg8 34. Bxc6 {White forces a draw. What else could he do?} Rxc6 35. Rdxe7
Rxc3 (35... Rxc3 36. Re8+ Kf7 37. R8e7+ $11) 1/2-1/2

[Event "RUS-ch Superfinal"]
[Site "Moscow"]
[Date "2005.12.28"]
[Round "9"]
[White "Bareev, Evgeny"]
[Black "Svidler, Peter"]
[Result "1-0"]
[WhiteElo "2675"]
[BlackElo "2740"]
[Annotator "Krasenkow,M"]
[PlyCount "73"]
[EventDate "2005.12.19"]
[EventType "tourn"]
[EventRounds "11"]
[EventCountry "RUS"]
[EventCategory "17"]
[SourceTitle "CBM 111"]
[Source "ChessBase"]
[SourceDate "2006.04.04"]
[SourceVersion "1"]
[SourceVersionDate "2006.04.04"]
[SourceQuality "1"]

1. d4 Nf6 2. c4 g6 3. Nc3 d5 4. Nf3 Bg7 5. Qb3 dxc4 6. Qxc4 O-O 7. e4 Na6 8.
Be2 c5 9. d5 e6 10. O-O exd5 11. exd5 Nb4 12. Rd1 b6 {This line was examined
in CBM104, annotations to the game between the same players!} 13. Bg5 {[%mdl 4]
A logical developing move.} (13. Qb3 {-see Bareev-Sutovsky in CBM107.}) 13...
h6 14. Bxf6 Bxf6 15. Rd2 {After this move the position of Black's b4 knight
becomes quite foolish.} (15. Qb3 $5 {is also possible:} Re8 16. Rd2 Bg4 17.
Rad1 a5 18. h3 a4 19. Qc4 Bd7 20. a3 Na6 21. d6 Kg7 22. Nd5 $14 {1/2-1/2
Gyimesi,Z-Iordachescu,V/Tusnad 2005/CBM 106 ext (65)}) {However, White
shouldn't fear the exchange of the light-squared bishops!} 15... Ba6 16. Qb3
Bxe2 {In the following game Black equalized but White's play can certainly be
improved:} (16... Qd7 17. Bxa6 Nxa6 18. Re1 (18. Qc4 $5) (18. d6 $5) 18... Rfe8
19. Rde2 Rxe2 20. Rxe2 Nc7 21. Ne5 Bxe5 22. Rxe5 Re8 23. f4 Kg7 24. h3 f6 25.
Rxe8 Nxe8 26. Qb5 Qe7 27. Kf2 Nd6 28. Qd3 {1/2-1/2 Lputian,S-Kalantarian,N/
Yerevan 1995/CBM 050}) 17. Nxe2 Qd7 (17... Qd6 18. Ng3 Rfe8 19. Qc4 $16) (17...
Na6 {looks too ugly.}) 18. Qc4 {[%csl Rb4]} Rfe8 19. Rad1 (19. a3 {is
premature:} b5 20. Qxc5 Nd3 21. Rxd3 Rac8 $1 22. Qb4 Rxe2 $44) 19... a5 {
Freeing the knight but terribly weakening the b5 square.} (19... b5 20. Qxc5
Nd3 21. Qa3 $1 $16) 20. Nc3 $1 {Of course!} Na6 21. d6 Nb4 22. a3 Bxc3 (22...
Nc6 23. Nd5 Bd8 24. Nc7 $1 Bxc7 25. dxc7 $18) 23. bxc3 {[%csl Rb6] Now the
backward b6 pawn on the open file becomes weak.} Nc6 24. Rd5 Re6 25. h3 Rae8
26. Qb3 Rb8 27. a4 Rb7 28. Qc4 Kg7 29. Qf4 Rb8 30. Qc4 Rb7 31. Qa2 {Still,
it's not easy to win as Black's weaknesses (the b6 pawn and White's passed
pawn) are close to each other. Fortunately, the opponent is always there to
help!} Qd8 $4 {[%mdl 16384] Curiously, I committed the same mistake against
Grischuk (see CBM110). Do blockading pieces sometimes get tired of their
thankless role?} 32. d7 $1 {Of course! This pawn cuts up Black's position like
a knife.} Ne7 (32... Re7 33. Qd2) 33. R5d3 Ng8 34. c4 Ne7 (34... Nf6 35. Qb2
Kg8 36. Ne5 {[%cal Rd3d6]}) 35. Qb2+ Kh7 36. Ne5 Kg8 37. Rd6 {After the rook
exchange White has many winning plans, the simplest being an attack of the
defenseless f7 pawn.} 1-0

[Event "Tata Steel-A 78th"]
[Site "Wijk aan Zee"]
[Date "2016.01.27"]
[Round "10"]
[White "Ding, Liren"]
[Black "Van Wely, Loek"]
[Result "1/2-1/2"]
[WhiteElo "2766"]
[BlackElo "2640"]
[Annotator "Krasenkow,M"]
[PlyCount "128"]
[EventDate "2016.01.16"]
[EventType "tourn"]
[EventRounds "13"]
[EventCountry "NED"]
[EventCategory "20"]
[SourceTitle "CBM 171"]
[Source "ChessBase"]
[SourceDate "2016.03.14"]
[SourceVersion "2"]
[SourceVersionDate "2016.03.14"]
[SourceQuality "1"]

1. d4 Nf6 2. c4 g6 3. Nc3 d5 4. Nf3 Bg7 5. Qb3 dxc4 6. Qxc4 O-O 7. e4 Na6 8.
Be2 c5 9. d5 e6 10. O-O exd5 11. exd5 Bf5 12. Bg5 {This bishop development in
the 7...Na6 system attracted attention after the 10th match game Anand -
Carlsen (2014).} h6 {Black makes this weakening move to avoid the annoying
Qc4-h4.} (12... Qb6 13. Qh4 Rfe8 14. Bb5 $14 {1-0 (38) Miton,K (2623)-Bulski,K
(2523) Warsaw 2012}) (12... Re8 $5 {is quite possible, though:} 13. Qh4 (13.
Rad1 Qb6 14. Qb5 h6 15. Bh4 Rad8 16. Qxb6 axb6 17. Bb5 Bd7 18. Bc4 g5 $15 {
0-1 (25) Baragar,F (2200)-Gavrikov,V (2200) Mexico City 1978}) 13... h6 $5 (
13... Nc7 14. Rfd1 Qd6 15. Bf4 Qb6 {0-1 (32) Atzmon Simon,B (2095)-Melkumyan,H
(2633) Sydney 2014} 16. d6 Ne6 17. Be5 $14) 14. Bxh6 Nxd5 15. Bxg7 Kxg7 $11 (
15... Qxh4 $143 16. Nxh4 Kxg7 17. Nxf5+ gxf5 18. Bf3 Nxc3 19. bxc3 Rab8 20.
Rfd1 $14 {1-0 (38) Trikaliotis,G (2215)-Kanellidis,E Athens 1989})) 13. Be3 {
Black's h6-pawn will now be hanging in some variations.} (13. Bxf6 $143 Qxf6
14. Rad1 Rad8 15. Bd3 Bxd3 16. Rxd3 Qb6 17. Rd2 Qb4 $1 18. Qxb4 cxb4 19. Nb5
Nc5 $36 20. Nxa7 $6 Ra8 21. Nb5 Rxa2 $15 {Zilberman,Y (2505)-Mikhalevski,V 
(2495) Rishon Le-Zion 2000 [Mikhalevski,V]}) (13. Bh4 $143 Qb6 14. Qb5 Qxb5 15.
Bxb5 Nb4 $1 16. Rad1 a6 17. a3 Nbxd5 18. Nxd5 Nxd5 19. Rxd5 axb5 20. Rxc5 Rfc8
$17 {0-1 (43) Scheeren,P (2445)-Kouatly,B (2440) Budel 1987}) 13... Qb6 $146 (
13... Re8 {leads to the position from Anand-Carlsen - see CBM 164.}) 14. b3 {
After this humble move Black gets a satisfactory position.} (14. Nh4 Bd7 {
is not dangerous for Black either.}) (14. Nd2 $5 {[%cal Yd2b3]} Qxb2 $140 15.
Rab1 Bxb1 16. Rxb1 b5 17. Nxb5 Qe5 18. Bf3 $44) 14... Rfe8 15. Nd2 $6 {This
knight isn't aiming at b3 now and doesn't get to c4. It was probably better to
complete his development and wait quietly:} (15. Rad1 Rad8 16. h3) 15... Nd7
16. Rac1 Bd4 $5 17. Rfd1 (17. Bxd4 $142 cxd4 18. Na4 Qd6 $15) 17... Nb4 $1 {
It is now difficult for White to avoid material losses.} 18. Nf3 $2 (18. Bxd4
cxd4 19. Na4 Qd6 $17 {[%cal Rb4a2]}) 18... Rxe3 $6 {A good move winning a pawn
(or two pieces for a rook) but} (18... Bxc3 $1 19. Rxc3 Nxa2 $19 {would have
won an exchange and a pawn!}) 19. fxe3 $6 (19. Nxd4 Rxc3 20. Rxc3 cxd4 21. Qxd4
$17 {may be quite a gloomy "lesser evil".}) 19... Bxe3+ 20. Kh1 Bxc1 21. Rxc1
Qd6 {The rest should be a matter of technique...} 22. Qh4 g5 23. Qf2 Qf4 24.
Rd1 Bg6 25. Bb5 Ne5 26. Ne2 Qf6 27. Qxc5 {Desperation. The pawn is poisoned
but...} Nxf3 $2 {[%mdl 64] Black misses a simple refutation:} (27... Nbd3 $1
28. Bxd3 (28. Qd4 Nxf3 $1 29. Qxf6 Nf2#) (28. Qe3 Ng4) 28... Nxd3 29. Qe3 g4
$19) 28. Qxb4 {The material balance has been restored, and the game starts
anew.} Nh4 29. Ng3 Qb6 30. Rd4 a5 31. Qc4 Rd8 32. a4 Qf6 33. Rd2 Qa1+ 34. Nf1
Nf5 $6 (34... Qe5 $15 {[%csl Ge5]}) 35. Qc7 Rd6 36. Kg1 Rf6 $6 {This move leas
to an unpleasant endgame for Black but it was not easy to find the right
defence:} (36... Kg7 $1 37. g4 Nd4 38. Qxd6 Nf3+ 39. Kg2 Nxd2 40. Nxd2 Qb2 41.
Kh3 Qxd2 42. Qe5+ f6 43. Qe7+ Bf7 {, and the game should end in a perpetual
check.}) 37. d6 Ne3 38. Qd8+ $1 Kg7 39. Qxf6+ Qxf6 40. Nxe3 Qc3 {Black decides
to give up his bishop for White's pawn.} (40... Qd8 41. d7 {is dangerous for
him (albeit maybe defensible).}) 41. Nf1 Bf5 42. d7 Bxd7 43. Rxd7 Qxb3 44. Rxb7
h5 $14 {, and Black finally hold his ground in this ending:} 45. Rd7 h4 46. h3
Qe6 47. Kh1 Qe4 48. Rc7 Kf8 49. Rc3 Kg7 50. Rf3 Qe1 51. Kh2 Qe5+ 52. Kg1 Qe1
53. Rf2 Qb1 54. Rd2 f5 55. Kf2 g4 56. Ne3 Qe4 57. hxg4 fxg4 58. Rd5 Kf6 59.
Rf5+ Ke7 60. Ke2 h3 61. gxh3 gxh3 62. Rh5 Qh1 63. Rh7+ Kf8 64. Bc4 h2 1/2-1/2